Студенты и работодатели о двухуровневой системе подготовки и качестве университетского образования; Инженерное образование; № 6

Bibliographische Detailangaben
Parent link:Инженерное образование: электронный научный журнал/ Ассоциация инженерного образования России (АИОР).— : [Б. и.], 2003-.— 1810-2883
№ 6.— 2010.— [С. 10-17]
1. Verfasser: Вихарева С. В. Светлана Вячеславовна
Weitere Verfasser: Воженникова Н. В. Наталья Владиславовна, Смирнова О. Г. Ольга Германовна
Zusammenfassung:Заглавие с титульного листа
В данной статье анализируются мнения студентов и работодателей о реформе высшего образования и степени важности развития у выпускников общекультурных компетенций, а также мнения работодателей о выпускниках Вятского государственного университета.
The article provides students' and employers' opinion review of higher education reform and importance of developing common cultural competences among graduates. The employers' opinion about graduates of Viatka state university is also cited.
Sprache:Russisch
Veröffentlicht: 2010
Schriftenreihe:Управление качеством подготовки специалистов в вузе
Schlagworte:
Online-Zugang:https://old.aeer.ru/files/io/m6/art_2.pdf
Format: MixedMaterials Elektronisch Buchkapitel
KOHA link:https://koha.lib.tpu.ru/cgi-bin/koha/opac-detail.pl?biblionumber=511959

MARC

LEADER 00000naa2a2200000 4500
001 511959
005 20250520134958.0
035 |a (RuTPU)RU\TPU\prd\188422 
035 |a RU\TPU\prd\188385 
090 |a 511959 
100 |a 20130701d2010 k y0rusy50 ca 
101 0 |a rus 
102 |a RU 
135 |a drnn ---uucaa 
181 0 |a i  
182 0 |a b 
200 1 |a Студенты и работодатели о двухуровневой системе подготовки и качестве университетского образования  |b Электронный ресурс  |f С. В. Вихарева, Н. В. Воженникова, О. Г. Смирнова 
203 |a Текст  |c электронный 
215 |a 1 файл (189 Кб) 
225 1 |a Управление качеством подготовки специалистов в вузе 
230 |a Электронные текстовые данные (1 файл : 189 Кб) 
300 |a Заглавие с титульного листа 
320 |a [Библиогр.: с. 17 (3 назв.)] 
330 |a В данной статье анализируются мнения студентов и работодателей о реформе высшего образования и степени важности развития у выпускников общекультурных компетенций, а также мнения работодателей о выпускниках Вятского государственного университета. 
330 |a The article provides students' and employers' opinion review of higher education reform and importance of developing common cultural competences among graduates. The employers' opinion about graduates of Viatka state university is also cited. 
337 |a Adobe Reader 
461 1 |0 (RuTPU)RU\TPU\prd\176632  |x 1810-2883  |t Инженерное образование  |o электронный научный журнал  |f Ассоциация инженерного образования России (АИОР)  |n [Б. и.]  |d 2003- 
463 1 |0 (RuTPU)RU\TPU\prd\188340  |t № 6  |v [С. 10-17]  |d 2010 
601 0 2 |a Вятский государственный университет  |2 stltpush  |3 (RuTPU)RU\TPU\col\6421  |9 24241 
610 1 |a высшее профессиональное образование 
610 1 |a качество 
610 1 |a подготовка 
610 1 |a двухуровневые системы 
610 1 |a студенты 
610 1 |a работодатели 
610 1 |a мнения 
610 1 |a анализ 
610 1 |a электронный ресурс 
700 1 |a Вихарева  |b С. В.  |g Светлана Вячеславовна 
701 1 |a Воженникова  |b Н. В.  |g Наталья Владиславовна 
701 1 |a Смирнова  |b О. Г.  |g Ольга Германовна 
801 1 |a RU  |b 63413507  |c 20090623  |g PSBO 
801 2 |a RU  |b 63413507  |c 20130702  |g PSBO 
856 4 |u https://old.aeer.ru/files/io/m6/art_2.pdf 
942 |c BK